000 00966nam a22002297a 4500
005 20240530110338.0
008 141022s2010 le bdjegr 001 0dara d
020 _a9789953823461
040 _aEG-CaGPL
082 0 4 _221
_a307.2\
_bق/م هـ
100 0 _aمحمد احمد على حسانين
245 1 2 _aالهجرة الداخلية فى مصر :
_bدراسة فى الجغرافيا البشرية /
_cمحمد احمد على حسانين
260 _aبيروت :
_bمركز دراسات الوحدة العربية ،
_c2010
300 _a510 ص :
_bايض ؛
_c24 سم
490 _aسلسلة اطروحات الدكتوراه ؛
_v88
650 0 4 _aالجغرافيا البشرية
650 0 4 _aالعمال المهاجرون
651 0 4 _aمصر
_xالهجرة الداخلية
651 0 4 _aمصر
_xالهجرة الداخلية
_xمشاكل
942 _2ddc
_cBK
999 _c59827
_d59827